Desarrollo del capital humano y reducción de la pobreza en El Salvador /
Gorde:
| Egile nagusia: | |
|---|---|
| Formatua: | Texto |
| Gaiak: | |
| Etiketak: |
Etiketa erantsi
Etiketarik gabe, Izan zaitez lehena erregistro honi etiketa jartzen!
|
MARC
| LEADER | 00000 a a2200000 04500 | ||
|---|---|---|---|
| 001 | 3602 | ||
| 003 | |||
| 040 | |||
| 100 | |a Skipper, Susan | ||
| 245 | |a Desarrollo del capital humano y reducción de la pobreza en El Salvador / |c Susan Skipper | ||
| 650 | |a POBREZA | ||
| 650 | |a DISTRIBUCION DEL INGRESO | ||
| 650 | |a EDUCACION | ||
| 650 | |a EL SALVADOR | ||
| 773 | |g volumen 56, número 11; páginas 968-979 | ||
| 999 | |c 20308 |d 20308 | ||
